| 000 | 01157nas a2200361 4500 | ||
|---|---|---|---|
| 001 | BR0104714 | ||
| 003 | BR-BrBNA | ||
| 005 | 20231205102434.0 | ||
| 007 | ta | ||
| 008 | 230509b bl.|||p| |||| 00| 00por d | ||
| 040 |
_aBR-BrBNA _bpor _cBiblioteca Nacional de Agricultura |
||
| 041 | _a(Pt) | ||
| 072 | _aL02; L51 | ||
| 100 | 1 | _aPereira, E.S. | |
| 100 | 1 | _aQueiroz, A.C. de | |
| 100 | 1 | _aPaulino, M.F. | |
| 100 | 1 | _aCecon, P.R. | |
| 100 | 1 | _aValadares Filho, S. de C. | |
| 100 | 1 | _aMiranda, L.F. | |
| 100 | 1 | _aArruda, A.M.V. de | |
| 100 | 1 | _aFernandes, A.M. | |
| 100 | 1 | _aCabral, L. da S. | |
| 245 | 1 | _aFontes nitrogenadas e uso de Sacharomyces cerevisiae em dietas a base de cana-de-acucar para novilhos: consumo, digestibilidade, balanco nitrogenado e parametro ruminais | |
| 650 | _aBovino | ||
| 650 | _aCana de Acucar | ||
| 650 | _aDieta | ||
| 650 | _aDigestibilidade | ||
| 650 | _aSuplemento Nitrogenado | ||
| 650 | _aMinas Gerais | ||
| 773 | 0 |
_tRevista Brasileira de Zootecnia (Brazil) _xISSN 1516-3598 _g(Mar-Apr 2001), v. 30(2) p. 563-572 _wBR0104714 |
|
| 909 |
_a202311 _bLúcia _c55 _dLúcia Elande |
||
| 942 |
_2AGRIS _n0 _cANA |
||
| 999 |
_c167591 _d167591 |
||